| 000 | 005120000a22001930004500 | ||
|---|---|---|---|
| 001 | 002343 | ||
| 003 | MACL | ||
| 005 | 20150714143234.0 | ||
| 008 | 150714b xxu||||| |||| 00| 0 eng d | ||
| 040 |
_aMACL _cMACL |
||
| 041 | _aEnglish | ||
| 082 | _a323.442/SIN | ||
| 100 |
_aBarnala, Surjit Singh _92041 |
||
| 245 |
_aQuest For Freedom _bStory Of An Escape _cSurjit Singh Barnala |
||
| 260 |
_aNew Delhi, _c2002 _bNatraj Publishers, |
||
| 350 | _a295 | ||
| 650 |
_aPolitical Science _988 |
||
| 942 |
_k323 _cBK _2ddc |
||
| 999 |
_c14255 _d14255 |
||